| 000 | 00626nam a2200205 a 4500 | ||
|---|---|---|---|
| 005 | 20250307063827.0 | ||
| 008 | 070418s2017 mx r 000 0 spa d | ||
| 020 | _a9786071650634 | ||
| 035 | _aUPN01000230298 | ||
| 049 | _aCG | ||
| 050 | 4 |
_aF1408.3 _bL4.3a |
|
| 100 | 1 |
_aLezama Lima, José, _d1910-1976 |
|
| 245 | 1 | 3 |
_aLa expresión americana / _cJosé Lezama Lima ; ed. con el texto establecido por Irlemar Chiampi. |
| 260 |
_aCiudad de México : _bFCE, _c2017. |
||
| 300 | _a204 p. | ||
| 440 | 0 | _aTierra firme | |
| 650 | 2 |
_aLiteratura cubana _96053 |
|
| 651 | 4 |
_aAmérica Latina _xCivilización _92733 |
|
| 905 | _aLibro | ||
| 999 |
_c202393 _d202393 |
||